000 00376nam a2200145Ia 4500
008 230917s9999||||xx |||||||||||||| ||und||
040 _e205929
_aMAIN
041 _aEnglish
082 _a820.72 G875R
100 _aGriffin, Gabriele
245 0 _aResearch methods for english studies
260 _aJaipur
_bRawat Publications
_c2007
300 _aviii, 248 p.
942 _cBK
999 _c174587
_d174587